El cese por jubilación obligatoria en el escenario actual (Registro nro. 22622)

000 -Cabecera
Campo de control interno 03206nam a2200349 4500
001 - Número de control
control field ESSALUD
005 - Fecha y hora de la última transacción
Campo de control 20260702142111.0
007 - Tipo material - Descripcion fisica - info general
Tipo material - Descripcion fisica - info general ta
008 - Elementos de Longitud Fija - Información General
Elementos de Longitud Fija - Información t pe ||||| |||| 00| 0 spa d
040 ## - Origen de la Catalogación
Origen de la Catalogación BMG
041 ## - Idioma
Idioma spa
100 ## - Autor
Autor Baldeón Bedón, Luis Jesús
Rol del Autor Autor
9 (RLIN) 46908
245 ## - Titulo
Titulo El cese por jubilación obligatoria en el escenario actual
Subtitulo Análisis del nuevo pronunciamiento del Tribunal Constitucional desde la Constitución y el control de convencionalidad
246 ## - Variante del Titulo
Titulo Termination due to mandatory retirement in the current context
Subtitulo Analysis of the new ruling of the Constitutional Court from a constitutional and conventionality control perspective
300 ## - Páginas
Paginación páginas 99-111
520 ## - Resumen
Resumen El autor sostiene que, a partir de la sentencia recaída en el Expediente N° 1905-2024-PA/TC, el Tribunal Constitucional ha reafirmado la validez del cese por jubilación<br/>obligatoria mediante la aplicación inmediata del artículo 21 del Texto Único Ordenado<br/>del Decreto Legislativo N° 728, incluso frente a acuerdos de continuidad laboral. No<br/>obstante, advierte que dicha interpretación resulta incompatible con las obligaciones<br/>internacionales asumidas por el Estado peruano al ratificar la Convención lnteramericana<br/>sobre la Protección de los Derechos Humanos de las Personas Mayores, que exige<br/>igualdad y protección frente al despido por edad. En ese sentido, decisiones del Tribunal<br/>Constitucional y de la Corte Suprema evidencian un incumplimiento internacional<br/>al validar una extinción laboral basada exclusivamente en la edad, configurando un<br/>trato discriminatorio y generando responsabilidad estatal.<br/>
520 ## - Resumen
Resumen The author argues that, fallowing the Judgment issued in Case No. 1905-2024-PA/TC, the<br/>Constitutional Court has reaffirmed the validity of termination due to mandatory retirement through the<br/>immediate application of Article 21 of the Consolidated Text of Legislative Decree No. 728, even in the<br/>presence of employment continuity agreements. However, the author warns that such interpretation is<br/>incompatible with the international obligations assumed by the Peruvian State upon ratifying the InterAmerican<br/>Convention on the Protection of the Human Rights of 0/der Persons, which requires equality<br/>and protection against dismissal based on age. In this regard, decisions of the Constitutional Court and<br/>the Supreme Court reveal an international breach by validating termination based exclusive/y on age,<br/>thereby constituting discriminatory treatment and generating State responsibility.<br/>
650 ## - Temas - Descriptores
Temas - Descriptores RELACIÓN LABORAL
9 (RLIN) 53152
650 ## - Temas - Descriptores
Temas - Descriptores CONTINUIDAD LABORAL
9 (RLIN) 53167
650 ## - Temas - Descriptores
Temas - Descriptores DESPIDO
9 (RLIN) 4033
650 ## - Temas - Descriptores
Temas - Descriptores JUBILACIÓN OBLIGATORIA
9 (RLIN) 53168
650 ## - Temas - Descriptores
Temas - Descriptores EDAD
9 (RLIN) 6224
650 ## - Temas - Descriptores
Temas - Descriptores DISCRIMINACIÓN
9 (RLIN) 141
650 ## - Temas - Descriptores
Temas - Descriptores EMPLOYMENT RELATIONSHIP
9 (RLIN) 53157
650 ## - Temas - Descriptores
Temas - Descriptores EMPLOYMENT CONTINUITY
9 (RLIN) 53169
650 ## - Temas - Descriptores
Temas - Descriptores DISMISSAL
9 (RLIN) 53170
650 ## - Temas - Descriptores
Temas - Descriptores MANDATORY RETIREMENT
9 (RLIN) 53171
650 ## - Temas - Descriptores
Temas - Descriptores AGE
9 (RLIN) 53172
650 ## - Temas - Descriptores
Temas - Descriptores DISCRIMINATION
9 (RLIN) 53173
773 0# - Revista (Relacion con el numero)
Host Biblionumber 22614
Host Itemnumber 22623
Ciudad, Editorial Lima Grupo Praxis Formación Profesional, 2026-
Codigo barras item/ejemplar PRALAB001
Titulo de la Revista Praxis Laboral & Procesal Laboral
Número de control de registro ESSALUD
ISSN 3119-768X
942 ## - Elementos de Koha
Tipo de Documento Artículos
Fecha procesamiento 2026-07-02
Catalogador SQB

No hay ítems disponibles.